[Event "Bundesliga B Mitte 2008/2009"]
[Site "Wolfsberg"]
[Date "2008.10.12"]
[Round "2"]
[Board "6"]
[White "Titz, Heimo"]
[Black "Strallhofer, Hermann"]
[Result "1-0"]
[WhiteElo "2216"]
[BlackElo "2091"]
[PlyCount "117"]
[EventDate "2008.10.11"]
[EventType "team"]
[EventRounds "11"]
[EventCountry "AUT"]
[WhiteTeam "SC Die Klagenfurter"]
[BlackTeam "SK Leoben"]

1.c4 g6 2.e4 Bg7 3.d4 c5 4.Nf3 d6 5.Nc3 cxd4 6.Nxd4 Nc6 7.Be3 Nf6 8.Be2 O-O
9.O-O Bd7 10.Qd2 Ng4 11.Bxg4 Bxg4 12.Rac1 a6 13.f3 Be6 14.Nd5 Nxd4 15.Bxd4 Bxd4+
16.Qxd4 b5 17.b4 bxc4 18.Rxc4 Rb8 19.Rc6 Bxd5 20.exd5 a5 21.a3 axb4 22.axb4 Qd7
23.Rfc1 Rb7 24.R1c4 Qf5 25.Rc7 Rb5 26.Rxe7 Rxd5 27.Qc3 Qg5 28.Re1 Rd2 29.Rg4 Qd5
30.h4 h5 31.Rc4 Rd3 32.Qc2 Rd4 33.Re4 Rd2 34.Qc3 Rd3 35.Qf6 Rd2 36.Red4 Rxd4
37.Rxd4 Qe5 38.Qxd6 Qe1+ 39.Kh2 Re8 40.Qf6 Qc3 41.b5 Qc7+ 42.Qd6 Qc8 43.Qf4 Qc5
44.Rd7 Rf8 45.Rb7 Qd5 46.Rb6 Qc5 47.Qd6 Qf2 48.Qf6 Qc5 49.Kg3 Qd5 50.Qd6 Qa8
51.Rc6 Qa1 52.Qf6 Qxf6 53.Rxf6 Rb8 54.b6 Kf8 55.Kf4 Ke7 56.Rc6 Rb7 57.Rc7+ Rxc7
58.bxc7 Kd7 59.Kg5

[Event "Bundesliga B Mitte 2008/2009"]
[Site "Wolfsberg"]
[Date "2008.10.12"]
[Round "2"]
[Board "1"]
[White "Kozul, Zdenko"]
[Black "Horvath, Tamas"]
[Result "1-0"]
[WhiteElo "2594"]
[BlackElo "2416"]
[PlyCount "83"]
[EventDate "2008.10.11"]
[EventType "team"]
[EventRounds "11"]
[EventCountry "AUT"]
[WhiteTeam "ZH- Technologies Wolfsberg"]
[BlackTeam "RbEJ Volksbank Gleisdorf"]

1.d4 e6 2.c4 Nf6 3.Nf3 c5 4.d5 b5 5.Bg5 exd5 6.cxd5 d6 7.e4 a6 8.a4 Be7 9.Bxf6
Bxf6 10.axb5 Bxb2 11.Ra2 Bf6 12.Nbd2 O-O 13.Bd3 Bb7 14.O-O axb5 15.Rxa8 Bxa8
16.Bxb5 Nd7 17.Qb3 Qc7 18.Rb1 g6 19.g3 Rd8 20.Nc4 Nb6 21.Nxb6 Qxb6 22.Nd2 Qc7
23.Bd3 Kg7 24.Qb6 Qe7 25.Kg2 Bd4 26.Nf3 Bc3 27.h4 Rd7 28.Qb3 Bf6 29.Bb5 Ra7
30.Qe3 Ra2 31.h5 g5 32.Bc4 Rc2 33.h6+ Kxh6 34.Nh4 Qe5 35.Nf5+ Qxf5 36.exf5 Rxc4
37.Rd1 Rd4 38.Rxd4 Bxd4 39.Qe4 g4 40.Kf1 Kg5 41.Ke2 Be5 42.Kd3

[Event "Bundesliga B Mitte 2008/2009"]
[Site "Wolfsberg"]
[Date "2008.10.12"]
[Round "2"]
[Board "2"]
[White "Meszaros, Tamas"]
[Black "Stevic, Hrvoje"]
[Result "1/2-1/2"]
[WhiteElo "2434"]
[BlackElo "2592"]
[PlyCount "34"]
[EventDate "2008.10.11"]
[EventType "team"]
[EventRounds "11"]
[EventCountry "AUT"]
[WhiteTeam "RbEJ Volksbank Gleisdorf"]
[BlackTeam "ZH- Technologies Wolfsberg"]

1.e4 e5 2.Nf3 Nc6 3.Bc4 Nf6 4.d3 Be7 5.O-O O-O 6.Re1 d6 7.c3 Na5 8.Bb5 a6 9.Ba4
b5 10.Bc2 c5 11.Nbd2 Re8 12.Nf1 h6 13.h3 Bf8 14.d4 Qc7 15.b3 Nc6 16.d5 Ne7 17.c4
Ng6

[Event "Bundesliga B Mitte 2008/2009"]
[Site "Wolfsberg"]
[Date "2008.10.12"]
[Round "2"]
[Board "3"]
[White "Jovanovic, Zoran"]
[Black "Sandhu, Mario"]
[Result "1-0"]
[WhiteElo "2558"]
[BlackElo "2292"]
[PlyCount "97"]
[EventDate "2008.10.11"]
[EventType "team"]
[EventRounds "11"]
[EventCountry "AUT"]
[WhiteTeam "ZH- Technologies Wolfsberg"]
[BlackTeam "RbEJ Volksbank Gleisdorf"]

1.e4 c6 2.d4 d5 3.Nd2 dxe4 4.Nxe4 Nd7 5.Ng5 Ngf6 6.Bd3 e6 7.N1f3 Bd6 8.c3 h6
9.Ne4 Nxe4 10.Bxe4 Qc7 11.O-O b6 12.Re1 Bb7 13.Qe2 O-O 14.Bc2 c5 15.h3 Qc6
16.Qf1 Rfd8 17.Be3 Qc7 18.Qe2 Bf4 19.Rad1 Bxe3 20.fxe3 Rac8 21.Rf1 Qg3 22.Qf2
Qxf2+ 23.Rxf2 Nf6 24.Ne5 cxd4 25.exd4 Bd5 26.a3 Rc7 27.Rdf1 Bc4 28.Re1 Bb5 29.g4
Ne8 30.h4 Nd6 31.g5 hxg5 32.hxg5 Nc4 33.g6 f6 34.Nf7 Rxf7 35.gxf7+ Kxf7 36.Bb3
Rd6 37.Rh2 Na5 38.Bd1 Rd8 39.Bh5+ g6 40.Bf3 Rd7 41.Kf2 Ke7 42.Rh8 g5 43.Reh1 Bd3
44.Rc8 Nc4 45.Rhh8 Nd6 46.Rcg8 Nc4 47.Bc6 Rc7 48.Bb5 Nxb2 49.Rg7+

[Event "Bundesliga B Mitte 2008/2009"]
[Site "Wolfsberg"]
[Date "2008.10.12"]
[Round "2"]
[Board "5"]
[White "Wegerer, Fred"]
[Black "Wanderer, Thomas"]
[Result "1/2-1/2"]
[WhiteElo "2239"]
[BlackElo "2235"]
[PlyCount "40"]
[EventDate "2008.10.11"]
[EventType "team"]
[EventRounds "11"]
[EventCountry "AUT"]
[WhiteTeam "ZH- Technologies Wolfsberg"]
[BlackTeam "RbEJ Volksbank Gleisdorf"]

1.Nf3 c5 2.e3 e6 3.b3 Be7 4.Bb2 Nf6 5.d4 cxd4 6.Nxd4 O-O 7.c4 d5 8.Nc3 a6 9.Qc2
dxc4 10.bxc4 Qc7 11.Be2 Bd7 12.O-O Nc6 13.Nf3 Rad8 14.Rfc1 Qa5 15.a3 Bd6 16.Rd1
Bb8 17.Ne4 Nxe4 18.Qxe4 Qh5 19.Qc2 Qh6 20.h3 e5

[Event "Bundesliga B Mitte 2008/2009"]
[Site "Wolfsberg"]
[Date "2008.10.12"]
[Round "2"]
[Board "6"]
[White "Frosch, Ronald"]
[Black "Toefferl, Heimo"]
[Result "1-0"]
[WhiteElo "2230"]
[BlackElo "2097"]
[PlyCount "102"]
[EventDate "2008.10.11"]
[EventType "team"]
[EventRounds "11"]
[EventCountry "AUT"]
[WhiteTeam "RbEJ Volksbank Gleisdorf"]
[BlackTeam "ZH- Technologies Wolfsberg"]

1.d4 e6 2.Nf3 d5 3.e3 c6 4.b3 Bd6 5.Bb2 Ne7 6.Bd3 f5 7.O-O O-O 8.Nbd2 Bd7 9.Ne5
Be8 10.f4 Nd7 11.Qe1 Nf6 12.Kh1 Kh8 13.Ndf3 Neg8 14.a4 Qe7 15.h3 Ne4 16.Bxe4
dxe4 17.Nh2 Bh5 18.g4 Bg6 19.Nxg6+ hxg6 20.g5 Qd8 21.Qh4+ Nh6 22.d5 e5 23.fxe5
Be7 24.Rg1 cxd5 25.e6 Kg8 26.Qf4 Nf7 27.exf7+ Rxf7 28.Rad1 Qa5 29.Qe5 Rd8 30.c4
Qb6 31.Rxd5 Rxd5 32.cxd5 Qxe3 33.d6 Bf8 34.Qd5 Qb6 35.Be5 e3 36.Re1 f4 37.Nf3
Qd8 38.Rc1 Qd7 39.Kg2 Qf5 40.Rc7 e2 41.Qxf7+ Qxf7 42.Rxf7 Kxf7 43.Kf2 Ke6
44.Bxf4 Bxd6 45.Bxd6 Kxd6 46.Kxe2 Kc5 47.Kd3 Kb4 48.Kc2 a5 49.Ne5 Kc5 50.Nxg6 b5
51.axb5 Kxb5

[Event "Bundesliga B Mitte 2008/2009"]
[Site "Wolfsberg"]
[Date "2008.10.12"]
[Round "2"]
[Board "2"]
[White "Hirneise, Tobias"]
[Black "Kreisl, Robert"]
[Result "1-0"]
[WhiteElo "2426"]
[BlackElo "2394"]
[PlyCount "91"]
[EventDate "2008.10.11"]
[EventType "team"]
[EventRounds "11"]
[EventCountry "AUT"]
[WhiteTeam "Schachgemeinschaft Voecklabruck"]
[BlackTeam "Kl. Zeitung MPOE Maria Saal"]

1.e4 c6 2.d4 d5 3.e5 c5 4.dxc5 Nc6 5.Nf3 Bg4 6.Bb5 Qa5+ 7.Nc3 e6 8.Be3 Nge7 9.a3
O-O-O 10.b4 Bxf3 11.gxf3 Qc7 12.Bxc6 bxc6 13.Bd4 Ng6 14.Qe2 f6 15.Qa6+ Qb7
16.Qxb7+ Kxb7 17.f4 Nxf4 18.exf6 e5 19.Be3 Ng2+ 20.Kf1 Nxe3+ 21.fxe3 gxf6 22.Ke2
Rg8 23.Rhg1 Bh6 24.Raf1 Bxe3 25.Rxg8 Rxg8 26.Kxe3 d4+ 27.Kd3 dxc3 28.Rxf6 Rg2
29.Rf7+ Kb8 30.Rxh7 e4+ 31.Kxc3 e3 32.h4 e2 33.Kd2 e1=Q+ 34.Kxe1 Rxc2 35.h5 Rh2
36.h6 a6 37.Kf1 Ka8 38.Kg1 Rh5 39.Kg2 Kb8 40.Kg3 Ka8 41.Kg4 Rh1 42.Kg5 Rg1+
43.Kf6 Rh1 44.Ke6 a5 45.Kd6 axb4 46.axb4

[Event "Bundesliga B Mitte 2008/2009"]
[Site "Wolfsberg"]
[Date "2008.10.12"]
[Round "2"]
[Board "3"]
[White "Schachinger, Mario"]
[Black "Konopka, Michal"]
[Result "1/2-1/2"]
[WhiteElo "2336"]
[BlackElo "2445"]
[PlyCount "75"]
[EventDate "2008.10.11"]
[EventType "team"]
[EventRounds "11"]
[EventCountry "AUT"]
[WhiteTeam "Kl. Zeitung MPOE Maria Saal"]
[BlackTeam "Schachgemeinschaft Voecklabruck"]

1.e4 Nf6 2.e5 Nd5 3.d4 d6 4.Nf3 g6 5.Bc4 c6 6.O-O Bg7 7.h3 O-O 8.Bb3 dxe5 9.dxe5
a5 10.a4 Nd7 11.Bxd5 cxd5 12.Qe2 e6 13.Nc3 b6 14.Bg5 Ba6 15.Qxa6 Rxa6 16.Bxd8
Rxd8 17.Rfe1 Rc8 18.Re2 Rc4 19.Nb5 Ra8 20.b3 Rf4 21.Rae1 Rc8 22.Nbd4 Nc5 23.g3
Re4 24.Nb5 Rxe2 25.Rxe2 Nd7 26.Kg2 h6 27.c4 Rc5 28.Nd6 Bf8 29.cxd5 Rxd5 30.Nc4
Bg7 31.h4 Rd3 32.Nfd2 Bf8 33.Ne4 Rxb3 34.Rd2 Rb4 35.Rxd7 Rxc4 36.Nf6+ Kg7
37.Ne8+ Kg8 38.Nf6+

[Event "Bundesliga B Mitte 2008/2009"]
[Site "Wolfsberg"]
[Date "2008.10.12"]
[Round "2"]
[Board "4"]
[White "Ennsberger, Ulrich"]
[Black "Reschun, Sascha"]
[Result "1-0"]
[WhiteElo "2315"]
[BlackElo "2246"]
[PlyCount "81"]
[EventDate "2008.10.11"]
[EventType "team"]
[EventRounds "11"]
[EventCountry "AUT"]
[WhiteTeam "Schachgemeinschaft Voecklabruck"]
[BlackTeam "Kl. Zeitung MPOE Maria Saal"]

1.e4 e6 2.d4 d5 3.e5 c5 4.Qg4 Nc6 5.Nf3 Nb4 6.Na3 cxd4 7.Bb5+ Bd7 8.Bg5 Qc7
9.O-O a6 10.Bxd7+ Qxd7 11.Rad1 Rc8 12.Nxd4 b5 13.Rfe1 Nc6 14.Naxb5 axb5 15.Nxb5
h6 16.Bc1 Nxe5 17.Rxe5 Qxb5 18.Rexd5 Qc6 19.R5d3 Nf6 20.Qe2 Be7 21.Rc3 Qb7
22.Rxc8+ Qxc8 23.Qb5+ Kf8 24.c4 Ne8 25.b3 f6 26.Qd7 Qa6 27.a4 e5 28.Be3 g6 29.g3
f5 30.Rd5 Nf6 31.Qb5 Qxb5 32.Rxb5 e4 33.a5 Kf7 34.a6 Ng4 35.Bd4 Rd8 36.a7 Bd6
37.Rd5 Ke6 38.h3 e3 39.fxe3 h5 40.hxg4 hxg4 41.Be5

[Event "Bundesliga B Mitte 2008/2009"]
[Site "Wolfsberg"]
[Date "2008.10.12"]
[Round "2"]
[Board "5"]
[White "Halvax, Georg"]
[Black "Rolletschek, Heinrich"]
[Result "1-0"]
[WhiteElo "2187"]
[BlackElo "2222"]
[PlyCount "103"]
[EventDate "2008.10.11"]
[EventType "team"]
[EventRounds "11"]
[EventCountry "AUT"]
[WhiteTeam "Kl. Zeitung MPOE Maria Saal"]
[BlackTeam "Schachgemeinschaft Voecklabruck"]

1.e4 e5 2.Nf3 Nc6 3.d4 exd4 4.Nxd4 g6 5.Be3 Bg7 6.Nc3 d6 7.f3 Nf6 8.Bc4 Qe7
9.Qd2 O-O 10.O-O-O Nxd4 11.Bxd4 Be6 12.Bxe6 Qxe6 13.g4 Rfd8 14.h4 h5 15.gxh5
Nxh5 16.Bxg7 Kxg7 17.Rhg1 Rd7 18.Qg5 Kh7 19.Kb1 Re8 20.Qa5 a6 21.Nd5 Rc8 22.Rg5
f6 23.Rg4 Rg7 24.Rdg1 Qe5 25.Qd2 c6 26.Ne3 Rd8 27.Qf2 Re8 28.Nd1 d5 29.exd5 Qxd5
30.Nc3 Qf5 31.Ne4 Rd7 32.a3 Re5 33.Nc3 Rde7 34.f4 Re3 35.Ka1 b5 36.Rxg6 Qxg6
37.Rxg6 Kxg6 38.f5+ Kf7 39.Qg2 Ng3 40.Qxc6 Nxf5 41.Qxa6 Nd4 42.Nxb5 Nxc2+ 43.Kb1
Re2 44.Nd6+ Kg8 45.Qc8+ Kh7 46.Qf5+ Kg7 47.Qg4+ Kh8 48.Qh5+ Kg8 49.Qg4+ Kh8
50.Nf5 R2e4 51.Qh5+ Rh7 52.Qf3

[Event "Bundesliga B Mitte 2008/2009"]
[Site "Wolfsberg"]
[Date "2008.10.12"]
[Round "2"]
[Board "6"]
[White "Hofmair, Klaus"]
[Black "Hartl, Daniel"]
[Result "0-1"]
[WhiteElo "2250"]
[BlackElo "2188"]
[PlyCount "48"]
[EventDate "2008.10.11"]
[EventType "team"]
[EventRounds "11"]
[EventCountry "AUT"]
[WhiteTeam "Schachgemeinschaft Voecklabruck"]
[BlackTeam "Kl. Zeitung MPOE Maria Saal"]

1.d4 d5 2.e3 Nf6 3.g3 Bg4 4.Qd3 c6 5.Bg2 Nbd7 6.Nf3 Qc7 7.Nbd2 e5 8.dxe5 Nxe5
9.Nxe5 Qxe5 10.O-O O-O-O 11.Re1 Bc5 12.c3 h5 13.Nf3 Bxf3 14.Bxf3 h4 15.b4 hxg3
16.hxg3 Bxb4 17.Bb2 Bc5 18.Rab1 Qe6 19.Rbc1 Ne4 20.Qe2 f5 21.Kg2 g5 22.g4 Rh4
23.gxf5 Qxf5 24.Rh1 g4

[Event "Bundesliga B Mitte 2008/2009"]
[Site "Wolfsberg"]
[Date "2008.10.12"]
[Round "2"]
[Board "1"]
[White "Lenic, Luka"]
[Black "Parligras, Mircea"]
[Result "1/2-1/2"]
[WhiteElo "2548"]
[BlackElo "2605"]
[PlyCount "85"]
[EventDate "2008.10.11"]
[EventType "team"]
[EventRounds "11"]
[EventCountry "AUT"]
[WhiteTeam "SV Raika Rapid Feffernitz"]
[BlackTeam "Strassenbahn Graz"]

1.e4 c5 2.Nf3 d6 3.d4 cxd4 4.Nxd4 Nf6 5.f3 Nc6 6.c4 Nxd4 7.Qxd4 g6 8.Nc3 Bg7
9.Be3 O-O 10.Qd2 Be6 11.Rc1 Qa5 12.Be2 Rfc8 13.b3 a6 14.Na4 Qxd2+ 15.Kxd2 Nd7
16.g4 Rc6 17.h3 Nc5 18.Nc3 Rac8 19.Rhd1 Bxc3+ 20.Rxc3 b5 21.Bd4 b4 22.Re3 g5
23.h4 h6 24.Ra1 f6 25.a3 a5 26.axb4 axb4 27.h5 Ra6 28.Rxa6 Nxa6 29.Bd1 Bd7
30.Kc2 e5 31.Bb2 Kf7 32.Bc1 Ke7 33.Bd2 Rc5 34.Kb2 Kd8 35.Rd3 Kc7 36.Be3 Rc6
37.Bc2 Nc5 38.Rd1 Rb6 39.Ra1 Ra6 40.Rd1 Ra5 41.Bd2 Na6 42.Be1 Be6 43.Bd2

[Event "Bundesliga B Mitte 2008/2009"]
[Site "Wolfsberg"]
[Date "2008.10.12"]
[Round "2"]
[Board "2"]
[White "Grunberg, Mihai-Lucian"]
[Black "Sebenik, Matej"]
[Result "1/2-1/2"]
[WhiteElo "2411"]
[BlackElo "2482"]
[PlyCount "45"]
[EventDate "2008.10.11"]
[EventType "team"]
[EventRounds "11"]
[EventCountry "AUT"]
[WhiteTeam "Strassenbahn Graz"]
[BlackTeam "SV Raika Rapid Feffernitz"]

1.Nf3 Nf6 2.c4 g6 3.g3 Bg7 4.Bg2 O-O 5.d4 d6 6.Nc3 c5 7.O-O Nc6 8.dxc5 dxc5
9.Bf4 Nd7 10.Qc1 Nd4 11.Bh6 Nb6 12.Rd1 Nxc4 13.Bxg7 Kxg7 14.Nxd4 cxd4 15.Nb5 Nd6
16.Nxd4 Bd7 17.Qc5 f6 18.Rac1 Qb6 19.Qxb6 axb6 20.Rc7 Rfd8 21.Bd5 Kf8 22.Rdc1
Rdc8 23.Rxc8+

[Event "Bundesliga B Mitte 2008/2009"]
[Site "Wolfsberg"]
[Date "2008.10.12"]
[Round "2"]
[Board "3"]
[White "Jeric, Simon"]
[Black "Supancic, Darko"]
[Result "1/2-1/2"]
[WhiteElo "2279"]
[BlackElo "2377"]
[PlyCount "52"]
[EventDate "2008.10.11"]
[EventType "team"]
[EventRounds "11"]
[EventCountry "AUT"]
[WhiteTeam "SV Raika Rapid Feffernitz"]
[BlackTeam "Strassenbahn Graz"]

1.e4 d6 2.d4 Nf6 3.Nc3 g6 4.g3 Bg7 5.Bg2 O-O 6.Nge2 e5 7.h3 Nc6 8.Be3 Bd7 9.O-O
b5 10.a3 a6 11.Qd2 exd4 12.Nxd4 Ne5 13.Qc1 c5 14.Nde2 b4 15.axb4 cxb4 16.Na4 Bb5
17.Re1 Rc8 18.Qd1 Nc4 19.Bd4 Qe8 20.b3 Na3 21.c3 Bxe2 22.Rxe2 Nb5 23.e5 dxe5
24.Bxe5 bxc3 25.Nxc3 Nxc3 26.Bxc3 Qb5

[Event "Bundesliga B Mitte 2008/2009"]
[Site "Wolfsberg"]
[Date "2008.10.12"]
[Round "2"]
[Board "4"]
[White "Pesorda, Ivan"]
[Black "Tschohl, Christof"]
[Result "1-0"]
[WhiteElo "2270"]
[BlackElo "2185"]
[PlyCount "49"]
[EventDate "2008.10.11"]
[EventType "team"]
[EventRounds "11"]
[EventCountry "AUT"]
[WhiteTeam "Strassenbahn Graz"]
[BlackTeam "SV Raika Rapid Feffernitz"]

1.d4 Nf6 2.c4 e6 3.Nc3 b6 4.e4 Bb7 5.Bd3 Bb4 6.Qc2 d5 7.cxd5 exd5 8.e5 Ne4
9.Qa4+ Nc6 10.Nge2 O-O 11.O-O Bxc3 12.bxc3 Na5 13.f3 Ng5 14.Qc2 g6 15.h4 Ne6
16.h5 Ng7 17.hxg6 hxg6 18.Bh6 Qh4 19.Qc1 Qe7 20.Bg5 Qe6 21.Bf6 Ne8 22.Nf4 Qc6
23.Nxd5 Kh7 24.Ne7 Qe6 25.Qg5

[Event "Bundesliga B Mitte 2008/2009"]
[Site "Wolfsberg"]
[Date "2008.10.12"]
[Round "2"]
[Board "5"]
[White "Reiss, Georg"]
[Black "Krebs, Johann"]
[Result "1/2-1/2"]
[WhiteElo "2131"]
[BlackElo "2234"]
[PlyCount "117"]
[EventDate "2008.10.11"]
[EventType "team"]
[EventRounds "11"]
[EventCountry "AUT"]
[WhiteTeam "SV Raika Rapid Feffernitz"]
[BlackTeam "Strassenbahn Graz"]

1.d4 Nf6 2.c4 c5 3.Nf3 g6 4.Nc3 Bg7 5.g3 O-O 6.Bg2 d5 7.dxc5 Qa5 8.O-O dxc4
9.Qa4 Qxc5 10.Be3 Qh5 11.Qxc4 Bh3 12.Rad1 Nc6 13.Qb5 Qxb5 14.Nxb5 Bxg2 15.Kxg2
Ng4 16.Bc1 a6 17.Nbd4 Rac8 18.h3 Nf6 19.Rfe1 Nxd4 20.Nxd4 Rfd8 21.Nb3 Nd5 22.e4
Nb4 23.Rxd8+ Rxd8 24.Nc5 b6 25.Na4 Nxa2 26.Nxb6 Nxc1 27.Rxc1 Bxb2 28.Rc2 Bd4
29.Nd5 Kf8 30.Ra2 Rb8 31.Rxa6 Rb2 32.Ra8+ Kg7 33.Nxe7 Rxf2+ 34.Kh1 Be5 35.Kg1
Bxg3 36.Rg8+ Kf6 37.Nf5 gxf5 38.Rxg3 Rf4 39.exf5 Rxf5 40.Ra3 Kg5 41.Kg2 Kh5
42.Ra4 Rd5 43.Rf4 f5 44.h4 Kg6 45.Rb4 Kf6 46.Rb7 Kg6 47.Rb4 Rd3 48.Ra4 Re3
49.Ra5 Kf6 50.Rb5 f4 51.Rh5 Rg3+ 52.Kf2 Kg6 53.Rb5 h6 54.h5+ Kf6 55.Rb6+ Kg5
56.Rg6+ Kh4 57.Rxh6 Kg5 58.Rg6+ Kxh5 59.Rxg3

[Event "Bundesliga B Mitte 2008/2009"]
[Site "Feffernitz"]
[Date "2008.11.29"]
[Round "3"]
[Board "1"]
[White "Mohr, Georg"]
[Black "Schenk, Andreas"]
[Result "1/2-1/2"]
[WhiteElo "2488"]
[BlackElo "2507"]
[PlyCount "25"]
[EventDate "2008.10.11"]
[EventType "team"]
[EventRounds "11"]
[EventCountry "AUT"]
[WhiteTeam "Strassenbahn Graz"]
[BlackTeam "Schachklub Sparkasse Fuerstenfeld"]

1.g3 d5 2.Bg2 c6 3.Nf3 Bg4 4.O-O Nd7 5.d3 e6 6.Nbd2 Bd6 7.e4 Ne7 8.b3 a5 9.Bb2
O-O 10.a3 Bh5 11.Qe1 Re8 12.h3 e5 13.Nh2

[Event "Bundesliga B Mitte 2008/2009"]
[Site "Feffernitz"]
[Date "2008.11.29"]
[Round "3"]
[Board "2"]
[White "Kuba, Guenter"]
[Black "Butunoi, Alexandru"]
[Result "0-1"]
[WhiteElo "2397"]
[BlackElo "2402"]
[PlyCount "202"]
[EventDate "2008.10.11"]
[EventType "team"]
[EventRounds "11"]
[EventCountry "AUT"]
[WhiteTeam "Schachklub Sparkasse Fuerstenfeld"]
[BlackTeam "Strassenbahn Graz"]

1.e4 g6 2.d4 Bg7 3.Nc3 c6 4.Nf3 d6 5.Be3 Qb6 6.a3 Bg4 7.Bc4 e6 8.Bb3 d5 9.O-O
Ne7 10.h3 Bxf3 11.Qxf3 O-O 12.Bg5 dxe4 13.Nxe4 Nf5 14.Rad1 Nd7 15.Be3 a5 16.Nc3
Rad8 17.Na4 Qa7 18.c3 Nxe3 19.Qxe3 Rfe8 20.c4 b5 21.cxb5 cxb5 22.Nc3 b4 23.axb4
axb4 24.Ne4 Nf6 25.Nc5 Nd5 26.Qe4 Qb8 27.Rfe1 Rd6 28.Nd3 Nf6 29.Qf4 Nh5 30.Qf3
Rxd4 31.Ba4 Red8 32.b3 Nf6 33.Nb2 Rxd1 34.Rxd1 Nd5 35.Nc4 Rc8 36.g3 Rc7 37.Rd3
h5 38.h4 Qf8 39.Kg2 Qc5 40.Ne3 Nxe3+ 41.Qxe3 Qxe3 42.Rxe3 Bd4 43.Re4 e5 44.Bb5
Kf8 45.Re2 Ke7 46.Kf1 Rc1+ 47.Re1 Rc3 48.Bc4 f5 49.Bg8 e4 50.Re2 Rc1+ 51.Kg2 Rc8
52.Bd5 Rc7 53.Bxe4 Kd6 54.Bc2 Rc3 55.Rd2 Kc5 56.Bd1 Kd5 57.Bc2 Ke5 58.Bd1 Rc1
59.Re2+ Kf6 60.Bc2 g5 61.hxg5+ Kxg5 62.Kf3 Bc5 63.Rd2 Bb6 64.Re2 Bc7 65.Rd2 Bb8
66.Re2 f4 67.Rd2 fxg3 68.fxg3 Rg1 69.Rg2 Rh1 70.Bd3 Rh3 71.Bf1 Rh1 72.Bc4 Be5
73.Re2 Bd4 74.Rd2 Be5 75.Re2 Kf6 76.Kg2 Rd1 77.Re3 Rc1 78.Rf3+ Kg5 79.Be6 Bd4
80.Rf5+ Kg6 81.Rf3 Rc2+ 82.Kh3 Re2 83.Bc4 Rb2 84.g4 Be5 85.Bf7+ Kh6 86.gxh5 Kg5
87.Rg3+ Bxg3 88.Kxg3 Kf6 89.Bg8 Kg7 90.Bd5 Rd2 91.Be4 Kh6 92.Bg6 Rd4 93.Kf3 Rh4
94.Kg3 Kg5 95.Be8 Re4 96.Bf7 Re7 97.Bd5 Kxh5 98.Kf4 Kg6 99.Bc4 Kf6 100.Bd3 Re1
101.Kf3 Ke5

[Event "Bundesliga B Mitte 2008/2009"]
[Site "Feffernitz"]
[Date "2008.11.29"]
[Round "3"]
[Board "3"]
[White "Petre, Nad-Titus"]
[Black "Kilgus, Georg"]
[Result "1-0"]
[WhiteElo "2405"]
[BlackElo "2349"]
[PlyCount "63"]
[EventDate "2008.10.11"]
[EventType "team"]
[EventRounds "11"]
[EventCountry "AUT"]
[WhiteTeam "Strassenbahn Graz"]
[BlackTeam "Schachklub Sparkasse Fuerstenfeld"]

1.Nf3 d5 2.c4 d4 3.g3 Nc6 4.Bg2 e5 5.d3 Nf6 6.O-O Be7 7.e3 O-O 8.exd4 exd4 9.Re1
Re8 10.Na3 Be6 11.Bf4 Bd6 12.Bd2 Bxa3 13.bxa3 Rc8 14.Qb3 b6 15.Qb5 Bd7 16.Rxe8+
Qxe8 17.Bg5 Qe6 18.Re1 Qd6 19.Qb2 Bf5 20.Bf4 Qd7 21.Qd2 Nh5 22.Ne5 Nxe5 23.Bxe5
f6 24.Bd5+ Kh8 25.Bxd4 c6 26.Be4 Bxe4 27.Rxe4 f5 28.Rh4 f4 29.Bc3 Qf5 30.Qe2 f3
31.Qe4 Qg5 32.Qe3

[Event "Bundesliga B Mitte 2008/2009"]
[Site "Feffernitz"]
[Date "2008.11.29"]
[Round "3"]
[Board "4"]
[White "Poetz, Florian"]
[Black "Supancic, Darko"]
[Result "1-0"]
[WhiteElo "2227"]
[BlackElo "2377"]
[PlyCount "87"]
[EventDate "2008.10.11"]
[EventType "team"]
[EventRounds "11"]
[EventCountry "AUT"]
[WhiteTeam "Schachklub Sparkasse Fuerstenfeld"]
[BlackTeam "Strassenbahn Graz"]

1.e4 c5 2.Nf3 Nc6 3.d4 cxd4 4.Nxd4 g6 5.Nc3 Bg7 6.Be3 Nf6 7.Bc4 Qa5 8.O-O O-O
9.Bb3 d6 10.h3 Bd7 11.Re1 Rfe8 12.Qd3 Rac8 13.Rad1 a6 14.Qf1 b5 15.Nxc6 Bxc6
16.Nd5 Bxd5 17.exd5 Nd7 18.Bd4 Nc5 19.Qe2 Nxb3 20.Bxg7 Kxg7 21.axb3 e5 22.c3 Qb6
23.Qe3 Qb7 24.Rf1 f5 25.Kh2 a5 26.Ra1 Ra8 27.Rfd1 a4 28.Ra3 axb3 29.Rxb3 Ra4
30.Qd3 Rb8 31.Rb4 Qb6 32.Rd2 Rxb4 33.cxb4 Rc8 34.Rc2 e4 35.Qd2 Rxc2 36.Qxc2 Qd4
37.Qc7+ Kh6 38.Qxd6 Qxf2 39.Qf8+ Kh5 40.d6 e3 41.Qe7 e2 42.d7 h6 43.d8=Q e1=Q
44.Qg5+

[Event "Bundesliga B Mitte 2008/2009"]
[Site "Feffernitz"]
[Date "2008.11.29"]
[Round "3"]
[Board "5"]
[White "Pesorda, Ivan"]
[Black "Radnetter, Georg"]
[Result "0-1"]
[WhiteElo "2270"]
[BlackElo "2189"]
[PlyCount "136"]
[EventDate "2008.10.11"]
[EventType "team"]
[EventRounds "11"]
[EventCountry "AUT"]
[WhiteTeam "Strassenbahn Graz"]
[BlackTeam "Schachklub Sparkasse Fuerstenfeld"]

1.d4 Nf6 2.c4 e6 3.Nc3 Bb4 4.Qc2 c5 5.dxc5 O-O 6.Nf3 Na6 7.g3 Nxc5 8.Bg2 d6
9.O-O Bxc3 10.Qxc3 a5 11.Rd1 Qc7 12.Nd4 Bd7 13.Qc2 Rfc8 14.Bg5 Ne8 15.Rac1 Rab8
16.Qb1 Qb6 17.b3 Rc7 18.e4 Rbc8 19.Be3 Qa6 20.a4 b6 21.Rd2 Rd8 22.Rcd1 Qc8
23.Bg5 f6 24.Be3 g6 25.h4 e5 26.Ne2 Qb7 27.Nc3 Bc6 28.f4 Rb8 29.f5 gxf5 30.exf5
Rg7 31.Kh2 Bxg2 32.Rxg2 Qf3 33.Nd5 Qg4 34.Bh6 Rf7 35.Rf1 Kh8 36.Bd2 Qe4 37.Qxe4
Nxe4 38.g4 Nc7 39.Nxc7 Rxc7 40.Rd1 Rg8 41.Bh6 Rf7 42.Kh3 Rd8 43.Rd5 Kg8 44.Rc2
Rb7 45.Kg2 Kf7 46.Kf3 Nc5 47.Rc3 Rbd7 48.Be3 Rg8 49.g5 Ke7 50.Rd1 Kf7 51.Kg4
fxg5 52.hxg5 Ne4 53.Rcd3 Nxg5 54.Bxg5 h6 55.Rxd6 Rxg5+ 56.Kh4 Rxd6 57.Rxd6 Rxf5
58.Rxb6 e4 59.Kg4 Rf1 60.Rxh6 Ke7 61.Rh3 Kd6 62.Re3 Ke5 63.Rh3 Kd4 64.Rh5 e3
65.Rd5+ Ke4 66.Rd8 Rg1+ 67.Kh3 e2 68.Re8+ Kd3

[Event "Bundesliga B Mitte 2008/2009"]
[Site "Feffernitz"]
[Date "2008.11.29"]
[Round "3"]
[Board "6"]
[White "Rabel, Christoph"]
[Black "Kastner, Walter"]
[Result "1-0"]
[WhiteElo "2165"]
[BlackElo "2225"]
[PlyCount "101"]
[EventDate "2008.10.11"]
[EventType "team"]
[EventRounds "11"]
[EventCountry "AUT"]
[WhiteTeam "Schachklub Sparkasse Fuerstenfeld"]
[BlackTeam "Strassenbahn Graz"]

1.Nc3 Nf6 2.d4 d5 3.Nf3 g6 4.Bg5 Bg7 5.e3 O-O 6.Bd3 Bg4 7.h3 Bxf3 8.Qxf3 c6 9.g4
Nbd7 10.Qg3 Ne4 11.Bxe4 dxe4 12.Qg2 Re8 13.Qxe4 Qa5 14.Bh4 Nb6 15.O-O-O c5
16.dxc5 Qxc5 17.Nb1 Nc4 18.c3 Rac8 19.Rd7 Nd6 20.Qf3 g5 21.Rd1 gxh4 22.R1xd6 b5
23.Rd3 b4 24.Qd5 bxc3 25.Nxc3 Qb4 26.Rb7 Qa4 27.Qb3 Qe4 28.Qd5 Qa4 29.Kb1 Bxc3
30.bxc3 Rb8 31.Rb3 Qa6 32.c4 Rec8 33.Rxb8 Rxb8+ 34.Rb3 Rc8 35.Rb5 Qg6+ 36.e4 e6
37.Qd4 a6 38.Rh5 Qg7 39.Qxg7+ Kxg7 40.c5 f6 41.e5 f5 42.gxf5 Rxc5 43.fxe6 Kg6
44.e7 Rc8 45.Rxh4 Re8 46.Re4 Rxe7 47.Kc2 Kf5 48.Kd3 h5 49.e6 h4 50.Kd4 Rb7
51.Re3

[Event "Bundesliga B Mitte 2008/2009"]
[Site "Feffernitz"]
[Date "2008.11.29"]
[Round "3"]
[Board "1"]
[White "Velicka, Petr"]
[Black "Sebenik, Matej"]
[Result "1-0"]
[WhiteElo "2464"]
[BlackElo "2482"]
[PlyCount "73"]
[EventDate "2008.10.11"]
[EventType "team"]
[EventRounds "11"]
[EventCountry "AUT"]
[WhiteTeam "Schachgemeinschaft Voecklabruck"]
[BlackTeam "SV Raika Rapid Feffernitz"]

1.e4 c5 2.Nf3 Nc6 3.Bb5 Nf6 4.e5 Nd5 5.O-O Nc7 6.Bxc6 dxc6 7.h3 g6 8.d3 Bg7 9.b3
O-O 10.Bb2 h6 11.Nbd2 Ne6 12.Ne4 b6 13.a4 a5 14.Qd2 g5 15.Ng3 Nf4 16.h4 Qd5
17.Ne4 f6 18.exf6 exf6 19.hxg5 hxg5 20.Rae1 Ra7 21.Nc3 Qf5 22.Nh2 g4 23.Qe3 Bh6
24.Qe4 Qh5 25.Ne2 Nxe2+ 26.Rxe2 Rh7 27.g3 f5 28.Qc4+ Rff7 29.f4 Qh3 30.Rg2 Bf8
31.Re1 b5 32.Qc3 c4 33.Re8 Bd7 34.Rd8 cxb3 35.Qxb3 c5 36.axb5 c4 37.Qxc4